<?xml version="1.0" encoding="UTF-8"?>
<record
    xmlns:xsi="http://www.w3.org/2001/XMLSchema-instance"
    xsi:schemaLocation="http://www.loc.gov/MARC21/slim http://www.loc.gov/standards/marcxml/schema/MARC21slim.xsd"
    xmlns="http://www.loc.gov/MARC21/slim">

  <leader>01192nam a22002297a 4500</leader>
  <controlfield tag="003">OSt</controlfield>
  <controlfield tag="005">20260413214531.0</controlfield>
  <controlfield tag="008">260413b           ||||| |||| 00| 0 spa d</controlfield>
  <datafield tag="020" ind1=" " ind2=" ">
    <subfield code="a">9789585566675</subfield>
  </datafield>
  <datafield tag="040" ind1=" " ind2=" ">
    <subfield code="c">CO-Mq BPB</subfield>
  </datafield>
  <datafield tag="041" ind1=" " ind2=" ">
    <subfield code="a">spa</subfield>
  </datafield>
  <datafield tag="082" ind1=" " ind2=" ">
    <subfield code="a">202</subfield>
    <subfield code="b">C78v</subfield>
  </datafield>
  <datafield tag="100" ind1=" " ind2=" ">
    <subfield code="a">Cruz Ni&#xF1;o, Esteban</subfield>
    <subfield code="e">autor</subfield>
  </datafield>
  <datafield tag="245" ind1=" " ind2=" ">
    <subfield code="a">Vida despu&#xE9;s de la muerte: </subfield>
    <subfield code="b">Testimonios del m&#xE1;s all&#xE1;</subfield>
  </datafield>
  <datafield tag="264" ind1=" " ind2=" ">
    <subfield code="a">Bogot&#xE1;;</subfield>
    <subfield code="b">B de Bolsillo (Penguin Random House),</subfield>
    <subfield code="c">2025</subfield>
  </datafield>
  <datafield tag="300" ind1=" " ind2=" ">
    <subfield code="a">227 p&#xE1;ginas;</subfield>
    <subfield code="b">Tapa rustica, fotograf&#xED;as a blanco y negro</subfield>
    <subfield code="c">19 cm</subfield>
  </datafield>
  <datafield tag="521" ind1=" " ind2=" ">
    <subfield code="a">Vida despu&#xE9;s de la muerte es una obra que explora uno de los grandes misterios de la humanidad: qu&#xE9; sucede despu&#xE9;s de morir. A trav&#xE9;s de un enfoque investigativo y period&#xED;stico, el autor recopila testimonios, relatos hist&#xF3;ricos y creencias populares sobre experiencias cercanas a la muerte.

El libro no pretende imponer una verdad absoluta, sino ofrecer diferentes perspectivas que invitan al lector a reflexionar sobre la vida, la muerte y lo que podr&#xED;a existir m&#xE1;s all&#xE1;.</subfield>
  </datafield>
  <datafield tag="650" ind1=" " ind2=" ">
    <subfield code="a">Experiencias cercanas a la muerte</subfield>
  </datafield>
  <datafield tag="650" ind1=" " ind2=" ">
    <subfield code="a">Creencias y percepciones humanas</subfield>
  </datafield>
  <datafield tag="650" ind1=" " ind2=" ">
    <subfield code="a">Investigaci&#xF3;n y testimonios</subfield>
  </datafield>
  <datafield tag="942" ind1=" " ind2=" ">
    <subfield code="2">ddc</subfield>
    <subfield code="c">BK</subfield>
  </datafield>
  <datafield tag="999" ind1=" " ind2=" ">
    <subfield code="c">16241</subfield>
    <subfield code="d">16241</subfield>
  </datafield>
  <datafield tag="952" ind1=" " ind2=" ">
    <subfield code="0">0</subfield>
    <subfield code="1">0</subfield>
    <subfield code="2">ddc</subfield>
    <subfield code="4">0</subfield>
    <subfield code="5">1</subfield>
    <subfield code="7">0</subfield>
    <subfield code="8">GEN</subfield>
    <subfield code="a">BPMOS</subfield>
    <subfield code="b">BPMOS</subfield>
    <subfield code="c">GEN</subfield>
    <subfield code="d">2026-04-13</subfield>
    <subfield code="e">Compra 2025</subfield>
    <subfield code="i">NT</subfield>
    <subfield code="l">0</subfield>
    <subfield code="o">202 C78v</subfield>
    <subfield code="p">MOS504863</subfield>
    <subfield code="r">2026-04-13</subfield>
    <subfield code="t">Ej.1</subfield>
    <subfield code="w">2026-04-13</subfield>
    <subfield code="y">BK</subfield>
    <subfield code="z">Ocho d&#xED;as </subfield>
  </datafield>
  <datafield tag="952" ind1=" " ind2=" ">
    <subfield code="0">0</subfield>
    <subfield code="1">0</subfield>
    <subfield code="2">ddc</subfield>
    <subfield code="4">0</subfield>
    <subfield code="5">1</subfield>
    <subfield code="7">0</subfield>
    <subfield code="8">GEN</subfield>
    <subfield code="a">BPMOS</subfield>
    <subfield code="b">BPMOS</subfield>
    <subfield code="c">GEN</subfield>
    <subfield code="d">2026-04-13</subfield>
    <subfield code="e">Compra 2025</subfield>
    <subfield code="i">NT</subfield>
    <subfield code="l">0</subfield>
    <subfield code="o">202 C78v</subfield>
    <subfield code="p">MOS504871</subfield>
    <subfield code="r">2026-04-14</subfield>
    <subfield code="t">Ej.2</subfield>
    <subfield code="w">2026-04-13</subfield>
    <subfield code="y">BK</subfield>
    <subfield code="z">Ocho d&#xED;as </subfield>
  </datafield>
</record>
